LEADER 01009nam2-2200337---450- 001 990009508320403321 005 20120118160307.0 035 $a000950832 035 $aFED01000950832 035 $a(Aleph)000950832FED01 035 $a000950832 100 $a20120110d1968----km-y0itay50------ba 101 0 $aita 102 $aIT 105 $aa-------001yy 200 1 $a<<5.1.: >>Malattie dell'addome$fa cura di A. De Blasi ... [et al.] 210 $aTorino$cUnione tipografico-editrice torinese$d1968 215 $aXVI, 938 p.$cill.$d27 cm 461 0$1001000945210$12001$aTrattato di semeiotica e diagnostica chirurgica$v05.1 610 0 $aSemeiotica chirurgica$aTrattati 676 $a617.075 702 1$aDe Blasi,$bAlberto 801 0$aIT$bUNINA$gRICA$2UNIMARC 901 $aBK 912 $a990009508320403321 952 $aR24 (V.1)$b4034-4495$fDMVCC 952 $a90 U 2b 2 V/1$b610$fFMEBC 959 $aFMEBC 959 $aDMVCC 996 $aMalattie dell'addome$9851025 997 $aUNINA LEADER 01486nam 2200433 450 001 000007137 005 20070503173100.0 010 $a2-204-02471-6 100 $a20010129d1985----km-y0itay0103----ba 101 0 $afre 102 $aFR 200 1 $aCommentaire sur Jonas$fJérome$gintroduction, texte critique, traduction et commantaire 200 1 $a1 $n0000777 210 $aParis$c<> edition du cerf$d1985 215 $a460 p.$d19 cm. 225 1 $aSources Chrétiennes$v323 300 $aTesto latino a fronte 676 $a220.7$v(20. ed.)$9Bibbia. Commenti 700 0$aHieronymus$0187193 702 1$aDuval,$bYves-Marie 801 0$aIT$bUniversità della Basilicata - B.I.A.$gRICA$2unimarc 912 $a000007137 996 $aCommentarii in Prophetas minores$941289 997 $aUNIBAS BAS $aMONLET BAS $aMONOGR BAS $aLETTERE CAT $aSTIGLIANO$b01$c20010129$lBAS01$h1507 CAT $aDILEO$b01$c20010130$lBAS01$h1335 CAT $aDILEO$b01$c20010205$lBAS01$h1311 CAT $c20050601$lBAS01$h1754 CAT $abatch$b01$c20050718$lBAS01$h1049 CAT $c20050718$lBAS01$h1108 CAT $c20050718$lBAS01$h1138 CAT $c20050718$lBAS01$h1152 CAT $aBATCH-UPD$b00$c20060912$lBAS01$h1445 CAT $aBATCH$b00$c20070503$lBAS01$h1731 FMT Z30 -1$lBAS01$LBAS01$mBOOK$1BASA1$APolo Storico-Umanistico$2GEN$BCollezione generale$3FP/91771$691771$5L91771$820010129$f02$FPrestabile Generale